Tuberkulóza a symptómy podobné SLE ako komplikácia biologickej anti-TNF terapie

Bibliographic Details
Main Authors: Buc, Milan, 1944- (Author), Rovenský, Jozef, 1943-2024 (Author)
Format: Article
Language:Slovak
PhysicalDescription:Obr., tab.
ISSN:1335-8359
Subjects:

MARC

LEADER 00000nab a2200000 a 4500
001 vtls000888294
003 SK-MaSNL
005 20260304125701.0
008 250429c2004 xo 0 slo
015 |a SNBRB2004/10-30479 
035 |a CLN000239729 
035 |a urn:nbn:sk:snk-ab32ct 
035 |a (urnnbn)urn:nbn:sk:snk:ar-a05jum 
035 |a (uuid)6a87d402-cdf0-4c7a-9c6b-e0942216df38 
040 |a SNKBUCL  |b slo  |c SNKBUCL  |e AACR2 
041 0 |a slo 
044 |a xo  |c SK 
080 |a 616.24-002.5-06:616-097  |2 1997 
100 1 |a Buc, Milan,  |d 1944-  |4 aut  |9 200548 
245 1 0 |a Tuberkulóza a symptómy podobné SLE ako komplikácia biologickej anti-TNF terapie  |c Milan Buc, Jozef Rovenský 
246 1 1 |a Tuberculosis and symptoms similar to SLE as a complication of biological anti-TNF therapy 
300 |b Obr., tab. 
504 |a Res. angl., slov. 
504 |a Bibliogr. odkazy 
650 0 7 |a tuberkulóza  |x etiológia  |x imunológia  |2 MESH  |9 1438924 
650 0 7 |a symptómy  |2 MESH  |9 73522 
650 0 7 |a monoklonálne protilátky  |2 MESH  |9 100930 
650 0 7 |a faktor nekrotizujúci nádory  |2 MESH  |9 851338 
650 0 7 |a systémový lupus erythematosus  |2 MESH  |9 179077 
650 0 7 |a Crohnova choroba  |x etiológia  |x patológia  |2 MESH  |9 1438925 
655 7 |a články z novín a časopisov  |2 snkbucl  |9 267496 
700 1 |a Rovenský, Jozef,  |d 1943-2024  |4 aut  |9 189097 
773 0 |t Interná medicína  |g Roč. 4, č. 7-8 (2004), s. 424-428  |x 1335-8359 
850 |a Slovenská národná knižnica 
852 |a Slovenská národná knižnica 
954 |a odborná, vedecká literatúra pôvodná (slovenská)  |2 lita 
958 |a article2022 
958 |a MI 
958 |a NB 
958 |a OND 
958 |a EUIPO 
999 |c 2894513  |d 2896443